JO : Les pays ayant remportés l'or en football - Statistiques

Statistiques générales
  • Ce quiz a été pris 264 fois
  • Le résultat moyen est 22 sur 28
Statistiques - réponses
Années Réponse % Correct
2016 Brésil
99%
2020 (2021) Brésil
99%
1984 France
98%
2004 Argentine
97%
2008 Argentine
97%
1976 Allemagne de l'Est
96%
1992 Espagne
94%
1900 Grande-Bretagne
93%
1908 Grande-Bretagne
93%
1912 Grande-Bretagne
93%
1936 Italie
90%
1956 URSS
89%
1988 URSS
89%
1924 Uruguay
78%
1928 Uruguay
78%
2012 Mexique
74%
1920 Belgique
73%
1948 Suède
70%
1952 Hongrie
65%
1964 Hongrie
65%
1968 Hongrie
65%
1972 Pologne
59%
1960 Yougoslavie
59%
1906 Danemark
58%
1904 Canada
53%
1980 Tchécoslovaquie
53%
1996 Nigeria
44%
2000 Cameroun
37%
Aucun quiz correspondant
Distribution des résultats
% des personnes avec chaque résultat
Percentile par nombre de réponses
Votre historique - résultats
Vous n’avez pas pris ce quiz